[Event "FISU World University-ch 2020-KO"]
[Site "Online"]
[Date "2020.10.26"]
[Round "4"]
[White "Nikitenko, Mihail"]
[Black "Sargsyan, Shant"]
[Result "0-1"]
[WhiteElo "2436"]
[BlackElo "2596"]
[Annotator "TA"]
[PlyCount "56"]
[EventDate "2020.10.26"]
[EventType "team-tourn"]
[SourceTitle "playchess.com"]
[Source "ChessBase"]
[SourceQuality "1"]

{[%evp 9,56,2,31,31,38,30,42,43,72,32,58,0,0,-2,4,0,51,0,0,0,0,-31,29,-84,-98,-141,-88,-327,-310,-310,-311,-484,-457,-480,-458,-641,-677,-671,-676,-894,-860,-962,-962,-944,-954,-951,-951,-912,-836]} 1. c4 Nf6 2. g3 e5 3. Bg2 Nc6 4. Nc3 Bb4 5. Nd5 a5 6. e3 {A25: English Opening vs King's Indian with ...Nc6 but without early d3.} O-O 7. Ne2 Re8 8. O-O {White is slightly better.} Bf8 9. d4 d6 {[#]} 10. dxe5 $146 (10. Nxf6+ $14 Qxf6 11. d5) ({Predecessor:} 10. Nec3 Nb4 11. Nxf6+ Qxf6 12. a3 Nc6 13. d5 Nb8 14. Rb1 Qd8 15. e4 Be7 16. Be3 {½-½ (64) Leer Salvesen,B (2369)-Fyllingen,R (2386) Moss 2005}) 10... Nxe5 $11 11. b3 c6 12. Ndc3 Bf5 (12... a4 $11) 13. Nd4 (13. e4 $1 $14 Bd7 14. Be3) 13... Bd3 14. Re1 {Strongly threatening f4.} Bg6 15. e4 Bh5 ({Black should try} 15... d5 $15 16. exd5 (16. cxd5 cxd5 17. Nxd5 Nxe4 $11) 16... Bc5) 16. f3 {[#]} (16. Qd2 $11 {keeps the balance.}) 16... d5 $1 $36 {[%mdl 2048] Keeping White busy.} 17. cxd5 cxd5 (17... Bc5 $142 {Hoping for ...Bxf3!} 18. Be3 cxd5) 18. Bg5 $2 {White does not recover from this.} (18. Nxd5 $17 Nxd5 19. exd5) 18... dxe4 $19 19. Nxe4 {[#]} Qb6 $1 {...Nxe4 is the strong threat.} 20. Nxf6+ (20. Kh1 $142 Rad8 21. Qe2) 20... gxf6 {Black is clearly winning.} 21. Be3 Rad8 22. Nc2 Bc5 23. Qe2 Nd3 24. Rad1 Nxe1 25. Rxd8 Qxd8 26. Qxe1 Qd3 {[%mdl 64] Double Attack} 27. Bxc5 Rxe1+ 28. Nxe1 Qd2 {Av CentiPawn Loss W=-57/B=-15. Weighted=-69/-12} 0-1

[Event "FISU World University-ch 2020-KO"]
[Site "Online"]
[Date "2020.10.26"]
[Round "4"]
[White "Martynkova, Olena"]
[Black "Chen, Qi B"]
[Result "1/2-1/2"]
[WhiteElo "2222"]
[BlackElo "2493"]
[Annotator "TA"]
[PlyCount "112"]
[EventDate "2020.10.26"]
[EventType "team-tourn"]
[SourceTitle "playchess.com"]
[Source "ChessBase"]
[SourceQuality "1"]

{[%evp 17,112,8,7,-26,-7,-7,8,16,12,0,0,0,0,0,0,0,0,0,0,0,0,0,0,0,0,0,0,0,0,0,0,0,0,0,0,0,0,0,0,0,0,0,0,0,0,0,0,0,0,0,8,8,4,0,0,0,4,0,0,0,0,0,0,0,0,0,0,0,4,4,4,4,4,4,4,4,4,4,4,4,4,4,4,4,4,4,13,0,12,0,0,0,10,0,0,0,3]} 1. d4 Nf6 2. Nf3 g6 3. g3 Bg7 4. c4 O-O 5. Bg2 d6 6. O-O Nc6 7. Nc3 Bf5 8. Re1 {Recently 8.b3 got a lot of attention.} Ne4 9. Nxe4 Bxe4 10. e3 {E62: King's Indian: Fianchetto: 6...c6 and Panno Variation (6...Nc6) without ...a6.} d5 11. b3 {The position is equal.} e5 12. Ba3 Re8 {[#]} 13. cxd5 $146 ({Predecessor:} 13. dxe5 dxc4 14. bxc4 Nxe5 15. Nxe5 Bxe5 16. Qxd8 Raxd8 17. Rad1 Bc3 18. Rxd8 Rxd8 19. Rc1 {1-0 (54) Romanchuk,V (2305)-Vovk,Y (2575) Alushta 2009}) 13... Qxd5 {[%cal Re5d4]} 14. dxe5 Qa5 15. Bb2 Rad8 16. Qe2 Bxf3 17. Qxf3 Nxe5 18. Bxe5 Bxe5 19. Rad1 c6 20. Bf1 Kg7 ({Stronger than} 20... Qxa2 {[#]} 21. Bc4 $1 $16 {[%mdl 512]}) 21. Bc4 Bf6 22. a4 Qb4 23. Kg2 a6 24. Rxd8 Rxd8 25. Rd1 Qe7 26. Rxd8 Qxd8 27. Qe4 h5 28. h3 Qd7 29. Qd3 Qe7 {aiming for ...b5.} 30. Qc2 Qe5 31. Be2 Be7 32. Bf3 Bd6 33. Qe4 Kf6 (33... Qb2 {with more complications.} 34. Qd3 Be5 35. Be2 Qa3 36. h4 Qb4) 34. Qxe5+ Kxe5 $11 {[%mdl 4096] Endgame KB-KB} 35. h4 Bb4 36. Kf1 a5 37. Ke2 Bc3 38. Kd3 Be1 39. Ke2 Bc3 40. Bg2 Kd6 41. Kd3 Bb4 42. Bh3 b6 43. g4 hxg4 44. Bxg4 Be1 45. Ke2 Bc3 46. h5 gxh5 47. Bxh5 f6 48. Kd3 Be1 49. f4 Kc5 50. Be8 b5 51. Ke4 Bd2 52. Kd3 Bc1 53. Bd7 Kd6 54. Be8 Kc5 55. Bd7 Kd6 56. Be8 Kc5 {A rather calm draw. Av CentiPawn Loss W=-1/B=-1. Weighted=-1/-1} 1/2-1/2

[Event "FISU World University-ch 2020-KO"]
[Site "Online"]
[Date "2020.10.26"]
[Round "4"]
[White "Ilyuchyk, Yana"]
[Black "Sargsyan, Anna M."]
[Result "1/2-1/2"]
[WhiteElo "2119"]
[BlackElo "2402"]
[Annotator "TA"]
[PlyCount "140"]
[EventDate "2020.10.26"]
[EventType "team-tourn"]
[SourceTitle "playchess.com"]
[Source "ChessBase"]
[SourceQuality "1"]

{[%evp 22,140,8,16,10,0,0,14,171,174,160,172,168,109,140,87,202,194,574,577,529,538,593,514,633,629,492,421,2727,431,406,141,134,152,139,23,21,1,0,-7,0,0,66,63,67,66,139,150,131,93,101,94,104,100,131,56,85,85,87,78,79,70,76,50,58,56,69,69,72,70,70,28,234,232,229,207,237,220,228,29,220,178,173,80,79,49,230,230,218,221,278,253,289,279,330,210,213,213,208,208,365,208,224,8,8,0,8,0,0,0,0,0,0,0,0,0,0,0,0,0,0]} 1. e4 e5 2. Nf3 Nc6 3. Bb5 a6 4. Ba4 Nf6 5. O-O Nxe4 6. d4 b5 7. Bb3 d5 8. dxe5 Be6 9. Qe2 Be7 10. Rd1 Nc5 11. c4 Nxb3 12. axb3 {Threatening cxd5.} b4 {C81: Open Ruy Lopez: Keres Variation (9 Qe2).} 13. Nbd2 O-O 14. Nf1 {[#]} Nb8 $146 (14... Qd7 $1 $11) ({Predecessor:} 14... Qd7 15. h3 Rfd8 16. cxd5 Bxd5 17. Ng5 Qe8 18. Rxd5 Rxd5 19. Qe4 Bxg5 20. Qxd5 Rd8 {1-0 (42) Heimann,A (2627)-Santos Ruiz,M (2549) Brest 2019}) 15. cxd5 $1 $18 Bxd5 16. Ne3 c6 17. Nxd5 (17. Nd4 $18) 17... cxd5 $16 18. Nd4 ({White should try} 18. e6) 18... Bc5 (18... Qc8 $16 {was worth a try.}) 19. Nf5 $1 $18 {Hoping for Bh6!} Re8 $2 {[#]} (19... Nc6 {is more resistant.} 20. Bh6 Re8) 20. Qg4 $1 {[%csl Gf5][%cal Rg4g7][%mdl 512]} g6 21. Nh6+ Kf8 {[#]} 22. Qf3 $1 {[%csl Gh6][%cal Rf3f7][%mdl 512]} Qe7 23. Bg5 Qe6 24. Rxd5 Nd7 {[#]} (24... Be7 $142 25. Bxe7+ Qxe7) 25. Rad1 (25. Rxd7 $142 $1 {[%mdl 512]} Ra7 (25... Qxd7 26. Qf6) 26. Rxa7 Bxa7 27. Rxa6 $1 {[%mdl 576] Double Attack}) 25... Ra7 26. Qg4 $2 (26. h3 $18 {Strongly threatening Rxd7!} Nxe5 27. Qf6 Qxf6 28. Bxf6) 26... Qxg4 $16 27. Nxg4 h5 28. Ne3 (28. Bh6+ $1 $16 Kg8 29. Ne3 (29. Rxd7 hxg4 30. R7d5 Bf8 $16)) 28... Rxe5 $11 29. Rxe5 Nxe5 30. Rd8+ Kg7 31. Nd5 {Intending Bf6+ and mate.} Ng4 (31... Nd7 $1 $11) 32. h3 $14 f6 33. Bh4 Nh6 (33... g5 $14) 34. Bxf6+ $16 Kf7 35. Bg5 Nf5 36. Rc8 Bd4 37. Nxb4 Bxb2 38. Rc6 ({White should play} 38. Nc6 $16 Rd7 39. g4) 38... a5 39. Nd3 Bd4 40. g4 hxg4 41. hxg4 Ng7 42. Nf4 Rb7 43. Rc4 Bb2 44. Rc5 Rxb3 45. Rxa5 {aiming for Ra7+.} Bd4 46. Rd5 Ba1 $2 (46... Rg3+ $1 $11 {and Black stays safe.} 47. Kh2 Rxg4) 47. Rd7+ $18 Kg8 48. Nxg6 Ne6 49. Bh6 Nc5 50. Re7 $2 (50. Ra7 $18 Bb2 51. Be3) 50... Bf6 $2 (50... Rb6 $11 {and Black has nothing to worry.}) 51. Rc7 Ne6 {[#]} 52. Rc6 (52. Rc4 $1 $18) 52... Kf7 $16 53. Nf4 (53. Nf8 $5 Nxf8 54. Bxf8 $14) 53... Nd4 $2 (53... Nxf4 $1 $14 54. Bxf4 Rb4) 54. Rc7+ $18 Ke8 55. Kg2 Rb2 56. Nd5 Bh4 57. Be3 Nc2 58. Bc5 {Rh7 is the strong threat.} Ne1+ 59. Kf1 Nd3 60. Bd4 Ra2 $2 (60... Rb5) 61. Nc3 (61. Rh7 $142 Bxf2 62. Re7+ (62. Rh2 Ra5 $16) 62... Kd8 63. Bf6) 61... Rc2 {[%cal Rh4f2] [#]} 62. Rh7 $2 (62. Nb5 $1 $18 {[%cal Rb5d6]} Rxc7 63. Nxc7+ Kd7 64. Nb5) 62... Bxf2 $11 {The position is equal.} 63. Bxf2 (63. Bg7 {looks sharper.} Kf7 64. Bh8+ Kg8 65. Rh2 Rc1+ 66. Ke2) 63... Rxf2+ {[%mdl 4096] Endgame KRN-KRN} 64. Kg1 Rf4 65. Rg7 Ne5 66. g5 Kf8 67. Rc7 Nf3+ 68. Kg2 Nxg5 69. Kg3 {Threatens to win with Rc8+.} Rf7 70. Rxf7+ Kxf7 {White really could win this. Av CentiPawn Loss W=-48/B=-46. Weighted=-57/-46} 1/2-1/2